Statistieken voor 5 Grootste Gemeenten Per Provincie (Nederland)

Klik hier om de quiz te nemen!

Algemene statistieken

  • Deze quiz is 497 keer genomen
    (127 sinds de laatste reset)
  • De gemiddelde score is 38 van 60

Antwoordstatistieken

Prov.Antwoord% Correct
NHOAmsterdam
97%
GROGroningen
96%
LIMMaastricht
93%
ZHORotterdam
93%
ZHODen Haag
92%
NBREindhoven
92%
FLELelystad
92%
FRILeeuwarden
91%
UTRUtrecht
91%
NBRTilburg
90%
FLEAlmere
89%
DREAssen
88%
NBRDen Bosch
88%
NHOHaarlem
86%
NBRBreda
85%
GELArnhem
84%
ZEEMiddelburg
84%
OVEZwolle
82%
GELNijmegen
81%
LIMVenlo
80%
NHOAlkmaar
79%
UTRAmersfoort
79%
ZEEVlissingen
79%
OVEEnschede
78%
DREEmmen
77%
ZHOLeiden
74%
GELApeldoorn
73%
LIMHeerlen
73%
ZEEGoes
72%
FRIHeerenveen
71%
LIMSittard-Geleen
71%
OVEAlmelo
68%
NBR*Helmond*
66%
ZEETerneuzen
66%
OVEHengelo
65%
LIMRoermond
65%
OVEDeventer
59%
ZHODordrecht
59%
ZHOZoetermeer
58%
DRE*Meppel*
57%
FLEDronten
55%
GELEde
55%
UTRZeist
52%
FLEZeewolde
51%
FLENoordoostpolder
49%
DREHoogeveen
43%
NHOZaanstad
42%
FRISúdwest-Fryslân
40%
NHOHaarlemmermeer
37%
UTRVeenendaal
37%
DRECoevorden
32%
GELBarneveld
27%
FRIDe Friese Meren
22%
GROHet Hogeland
21%
GROMidden-Groningen
20%
GROWesterkwartier
19%
ZEESchouwen-Duiveland
18%
FRISmallingerland
17%
GROEemsdelta
15%
UTR*Stichtse Vecht*
15%

Scoreverdeling

Percentiel versus Aantal Correcte Antwoorden

Procent van Mensen met Elke Score

Uw Scoregeschiedenis

U heeft deze quiz nog niet genomen sinds de laatste reset